| 000 | 00544nam a2200169Ia 4500 | ||
|---|---|---|---|
| 008 | 140529s9999 xx 000 0 und d | ||
| 020 | _a9781111523886 | ||
| 050 |
_aQH 308.2 _b.St725 2010 |
||
| 100 | _aStarr, Cecie. | ||
| 245 |
_aBiology : _btoday and tomorrow : biology for non-science majors / _cecie Starr, Christine A. Evers, Lisa Starr |
||
| 260 |
_aSingapore : _bCengage Learning Asia Pte Ltd., _cc2010. |
||
| 300 |
_a353 p. : _bill. ; _c23 cm. |
||
| 500 | _aIncludes glossary. | ||
| 521 | _aGE | ||
| 942 |
_kFOR _cBK |
||
| 999 |
_c117809 _d117809 |
||